000 00325nam a2200133Ia 4500
008 190216s9999||||xx |||||||||||||| ||und||
100 _aChandrashekhar Vekhande
245 0 _aModern Inorganic Chemistry
250 _a1st Ed.
260 _bOrient Longman
_c1975
300 _a630
650 _aChemistry-Chemistry
942 _cBK
999 _c2064
_d2064